Obchod Slovenska s Kanadou Slovak trade forum - roč. III. (V.), č. 32 : časopis na podporu zahraničného obchodu

Gespeichert in:
Bibliographische Detailangaben
Format: Buch
Sprache:Slowakisch
Englisch
Veröffentlicht: Bratislava Media plus 2000
Schlagworte:
Tags: Tag hinzufügen
Keine Tags, Fügen Sie das erste Tag hinzu!

MARC

LEADER 00000nam a2200000 4500
001 c119656
005 20240104101212.2
022 |a 1335-5198 
041 0 |a slo 
041 0 |a eng 
044 |a SK 
245 1 0 |a Obchod Slovenska s Kanadou  |b Slovak trade forum - roč. III. (V.), č. 32 : časopis na podporu zahraničného obchodu 
264 1 |a Bratislava  |b Media plus  |c 2000 
300 |a 87 s. 
610 2 0 |a obchod zahraničný 
610 2 0 |a Slovensko 
610 2 0 |a Kanada 
610 2 0 |a vzťahy hospodárske medzinárodné 
610 2 0 |a podnikanie 
610 2 0 |a investície 
610 2 0 |a komory obchodné 
610 2 0 |a vývoz 
610 2 0 |a EXPO 2000